Countries by second letter A - Statistics

General Stats
  • This quiz has been taken 130 times
    121 since last reset
  • The average score is 36 of 47
Answer Stats
Answer % Correct
Canada
93%
Panama
91%
Japan
89%
Malaysia
89%
Kazakhstan
84%
Latvia
84%
Mali
84%
Palau
84%
Bahamas
83%
Barbados
83%
Madagascar
83%
Nauru
83%
Zambia
83%
Gambia
80%
Maldives
80%
Pakistan
80%
Cambodia
79%
Haiti
79%
Namibia
79%
Samoa
79%
Taiwan
79%
Tajikistan
79%
Malta
77%
Tanzania
77%
Vanuatu
77%
Bahrain
76%
Cameroon
76%
Laos
76%
Bangladesh
74%
Gabon
74%
Malawi
74%
Mauritius
74%
Paraguay
74%
Qatar
74%
Saint Lucia
74%
Jamaica
73%
Vatican City
73%
Mauritania
71%
Saint Vincent and the grenadines
71%
San Marino
70%
Sao Tome principe
70%
Saint Kitts and Nevis
69%
Saudi Arabia
69%
Cape Verde
64%
East Timor
64%
Papua New Guinea
64%
Marshall island’s
59%
No matching quizzes found
Score Distribution
Percent of People with Each Score
Percentile by Number Answered
Your Score History
You have not taken this quiz since the last reset